| 000 | 00490pab a2200157 454500 | ||
|---|---|---|---|
| 008 | 180718b2017 xxu||||| |||| 00| 0 eng d | ||
| 100 | _aDogra, Bharat | ||
| 245 | _aApproval of GM crops ignores growing scientific evident against them: even union government's own minister raises serious questions about the government's farm policy | ||
| 260 | _c2017 | ||
| 300 | _ap.29-30. | ||
| 362 | _a3 Jun | ||
| 650 | _aAgriculture | ||
| 650 | _aCrops | ||
| 773 | _aMainstream | ||
| 909 | _a114816 | ||
| 999 |
_c114810 _d114810 |
||